Max Švabinský /

Hlavní autor: Škranc, Pavel, 1957-
Jazyk: Čeština
Vydáno: Kroměříž : Muzeum Kroměřížska, 1987
Edice: Kdo byl kdo na Kroměřížsku
Témata:
Externí odkaz: Digitalizovaný dokument
Fyzický popis: 96 s.
Knihy
Uloženo v:
LEADER 01118nam a22002892a 4500
001 000148695
003 CZ BrMZK
005 20070108075353.0
007 ta
008 970107s1987 xr f cze d
015 |a cnb000036986 
035 |a (OCoLC)39404873 
040 |a BOA001  |b cze 
080 |a 75.071.1(437.1)"18/19":929 Švabinský, Max  |2 MRF 
100 1 |a Škranc, Pavel,  |d 1957-  |7 ntka174589  |4 aut 
245 1 0 |a Max Švabinský /  |c Pavel Škranc 
260 |a Kroměříž :  |b Muzeum Kroměřížska,  |c 1987 
300 |a 96 s. 
490 1 |a Kdo byl kdo na Kroměřížsku ;  |v sv. 4 
504 |a Obsahuje bibliografii 
830 0 |a Kdo byl kdo na Kroměřížsku  |0 s 
856 4 1 |u http://www.digitalniknihovna.cz/mzk/uuid/uuid:06bc0cf0-c162-11e3-b110-005056827e51  |y Digitalizovaný dokument  |x NDK 
910 |a BOA001  |b PK-0105.875  |b 2-0926.308 
964 |a Švabinský, Max - život a dílo 
990 |a BK 
996 6 |b 2619248627  |c 2-0926.308  |l MZK  |r Sklad / do 1 hodiny  |n 2  |w 000148695  |u 000020  |a 1  |e BOA001  |j MZK50  |s P 
996 7 |b 3119952297  |c PK-0105.875  |l MZK  |r Sklad / do 1 hodiny  |n 10  |w 000148695  |u 000010  |a 1  |e BOA001  |j MZK50  |s A